Szczegóły MARC21

Od poradnictwa zawodowego do polityki edukacyjnej : podsumowanie pierwszej edycji konkursu na artykuł o edukacji i rynku pracy / [red.: Agata Chrześcijanek, Ewa Guzik].

003 -Nazwa inst., której nr kontr. jest w polu 001 [,]
    • @
    • Nazwa instytucji, której n kontrolny jest w polu 001
    • NUKAT
005 -DATA I CZAS OSTATNIEJ MODYFIKACJI [,]
    • @
    • pole kontrolne
    • 20241231114557.0
020 -Międzynarod. znormalizowany nr książki - ISBN [ , ]
    • a
    • Numer ISBN
    • 9788362384006 Find
040 -Instytucja sporządzająca opis [ , ]
    • a
    • Instytucja, która sporządziła opis (NP)
    • WA 14/MB
    • c
    • Instytucja, która sporządziła rekord (NP)
    • WA 14/MB
    • d
    • Instytucja, która zmodyfikowała rekord (P)
    • WA U/JKs
942 -Rodzaj dokumentu [ , ]
    • c
    • Rodzaj dokumentu
    • Książka
245 -Strefa tytułu i oznaczenia odpowiedzialności [0,0]
    • a
    • Tytuł
    • Od poradnictwa zawodowego do polityki edukacyjnej : Find
    • b
    • Ciąg dalszy tytułu (NP)
    • podsumowanie pierwszej edycji konkursu na artykuł o edukacji i rynku pracy / [red.: Agata Chrześcijanek, Ewa Guzik]. Find
260 -Strefa adresu wydawniczego [ , ]
    • a
    • Miejsce wydania (P)
    • Kraków :
    • b
    • Nazwa wydawcy (P)
    • Wojewódzki Urząd Pracy,
    • c
    • Data wydania (P)
    • 2010.
300 -Strefa opisu fizycznego [ , ]
    • a
    • Określenie formy książki i/lub objętość (NP)
    • 46 s. :
    • b
    • Oznaczenie ilustracji (NP)
    • il. ;
    • c
    • Format (NP)
    • 28 cm.
336 -Typ zawartości [ , ]
    • a
    • Termin opisujący typ zawartości
    • Tekst
    • b
    • Kod określający zawartość
    • txt
    • 2
    • Źródło (terminu i kodu)
    • rdacontent
337 -Typ mediów [ , ]
    • a
    • Tryb odtwarzania
    • Bez urządzenia pośredniczącego
    • b
    • Kod typu mediów
    • n
    • 2
    • Źródło (terminu i kodu)
    • rdamedia
338 -Typ/rodzaj nośnika [ , ]
    • a
    • Hasło opisujące typ nośnika
    • Wolumin
    • b
    • Kod typu nośnika
    • nc
    • 2
    • Źródło (terminu i kodu)
    • rdacarrier
500 -Uwaga ogólna [ , ]
    • a
    • Uwaga ogólna (NP)
    • Publikacja powstała w wojewódzkim Urzędzie Pracy w Krakowie w ramach projektu Małopolskie Obserwatorium Rynku Pracy i Edukacji.
504 -Uwaga dot. bibliogr. załącznikowej [ , ]
    • a
    • Uwaga dot. bibliografii załącznikowej
    • Bibliogr. przy rozdz.
080 -Uniwersalna Klasyfikacja Dziesiętna [ , ]
    • 2
    • Identyfikator wydania tablic
    • UDC-P058
    • 9
    • UKD
    • 3056
    • a
    • Symbol klasyfikacji
    • 331.548
    • b
    • Dopowiedzenie
    • Poradnictwo zawodowe.
    • 4
    • UKD2
    • 7642
    • x
    • Poddział wspólny
    • (438)
    • c
    • Dopowiedzenie poddz. wspólnego
    • (Polska).
    • 4
    • UKD2
    • 9283
    • x
    • Poddział wspólny
    • "2001/..."
    • c
    • Dopowiedzenie poddz. wspólnego
    • Od 2001.
080 -Uniwersalna Klasyfikacja Dziesiętna [ , ]
    • 2
    • Identyfikator wydania tablic
    • UDC-P058
    • 9
    • UKD
    • 2710
    • a
    • Symbol klasyfikacji
    • 304
    • b
    • Dopowiedzenie
    • Ogólne zagadnienia społeczne. Polityka społeczna.
    • 4
    • UKD2
    • 7642
    • x
    • Poddział wspólny
    • (438)
    • c
    • Dopowiedzenie poddz. wspólnego
    • (Polska).
    • 4
    • UKD2
    • 9283
    • x
    • Poddział wspólny
    • "2001/..."
    • c
    • Dopowiedzenie poddz. wspólnego
    • Od 2001.
080 -Uniwersalna Klasyfikacja Dziesiętna [ , ]
    • 2
    • Identyfikator wydania tablic
    • UDC-P058
    • 9
    • UKD
    • 3821
    • a
    • Symbol klasyfikacji
    • 37.014
    • b
    • Dopowiedzenie
    • Polityka oświatowa. Szkoła a życie publiczne.
    • 4
    • UKD2
    • 7642
    • x
    • Poddział wspólny
    • (438)
    • c
    • Dopowiedzenie poddz. wspólnego
    • (Polska).
    • 4
    • UKD2
    • 9283
    • x
    • Poddział wspólny
    • "2001/..."
    • c
    • Dopowiedzenie poddz. wspólnego
    • Od 2001.
080 -Uniwersalna Klasyfikacja Dziesiętna [ , ]
    • 2
    • Identyfikator wydania tablic
    • UDC-P058
    • 9
    • UKD
    • 2801
    • a
    • Symbol klasyfikacji
    • 316.346.3-053.6
    • b
    • Dopowiedzenie
    • Socjologia młodzieży.
    • 4
    • UKD2
    • 7642
    • x
    • Poddział wspólny
    • (438)
    • c
    • Dopowiedzenie poddz. wspólnego
    • (Polska).
    • 4
    • UKD2
    • 9283
    • x
    • Poddział wspólny
    • "2001/..."
    • c
    • Dopowiedzenie poddz. wspólnego
    • Od 2001.
650 -Hasło przedmiotowe [ ,7]
    • a
    • Hasło przedmiotowe
    • Orientacja zawodowa
    • z
    • Określnik geograficzny
    • Polska
    • y
    • Określnik chronologiczny
    • 1990-.
    • 2
    • Źródło terminu
    • kaba
    • 9
    • KHW
    • 366926
650 -Hasło przedmiotowe [ ,7]
    • a
    • Hasło przedmiotowe
    • Edukacja i państwo
    • z
    • Określnik geograficzny
    • Polska
    • y
    • Określnik chronologiczny
    • 1990-.
    • 2
    • Źródło terminu
    • kaba
    • 9
    • KHW
    • 362457
980 -Symbol UKD [ , ]
    • a
    • UKD
    • 331.548:304:37.014:316.346.3-053.6](438)"2001/..."
700 -Hasło dodatkowe - nazwa osobowa [1, ]
    • a
    • Nazwa osobowa (NP)
    • Chrześcijanek, Agata. Find
    • e
    • Określenie rodzaju współpracy
    • Red.
    • 9
    • KHW
    • 703114
700 -Hasło dodatkowe - nazwa osobowa [1, ]
    • a
    • Nazwa osobowa (NP)
    • Bodzińska-Guzik, Ewa. Find
    • e
    • Określenie rodzaju współpracy
    • Red.
    • 9
    • KHW
    • 703113
920 -ISBN [ , ]
    • a
    • ISBN
    • 978-83-62384-00-6 Find
Numer inwentarzowy Status udost. Lokalizacja Data inwentaryzacji
E.72576-2BE2010-05-13
S.93718-2BE2010-05-13